00338pab a2200133 454500008004000000100002600040245004900066260000900115300001200124362001000136650002300146650001500169773002000184180718b2009 xxu||||| |||| 00| 0 eng d aSingh, Avadhesh Kumar aParadigms of management: an Indian discourse c2009 ap.1-13. a3 Aug aManagement - India aManagement aUniversity News